000 00605nmc a2200253 a 4500
003 AR-BaBNM
005 20251128211542.0
008 194120s1992 ||||||||||||||000 | spa||
020 _a0-435-27171-7
040 _cAR-BaBNM
100 1 _aJupp, T. C.
245 1 0 _aRich man poor man
260 _aOxford
_bHeinemann
_c1992
300 _a31 p.
_bil.
490 0 _aHeinemann Guided readers
500 _aNivel inicial
650 4 _aENSENANZA DE IDIOMAS
650 4 _aINGLES
650 4 _aCUENTOS
653 _aLITERATURA DIDACTICA
800 1 _aMilne, John
942 _cBK
998 _cEugenia
999 _c20151
_d20151